000 00468nam a2200193Ia 4500
001 13548
003 GE_BSU
008 181216s||||||||xx |||||||||||||| ||und||
040 _cGE_BSU
100 _aEarle,Peter
245 4 _aThe Life and Times of James II
245 _cIntroduction by Antonia Fraser
260 _aLondon
260 _bBook club Associates
260 _c1972
300 _a224p.ill.25cm.
653 _aThe Life and Times of James II
942 _cBK
999 _c46704
_d46704